Statistics for Yes - Studio albums

Click here to take the quiz!

General Stats

  • This quiz has been taken 224 times
    (164 since last reset)
  • The average score is 13 of 21

Answer Stats

Hint Answer % Correct
1969Yes
96%
1972Close to the Edge
96%
1971Fragile
88%
1971The Yes Album
86%
1974Relayer
83%
1978Tormato
78%
1973Tales from Topographic Oceans
77%
1977Going for the One
76%
1970Time and a word
73%
198390125
68%
1980Drama
67%
1987Big Generator
54%
1991Union
48%
1999The Ladder
46%
2001Magnification
44%
1994Talk
43%
1996Keys to Ascension
38%
2011Fly from Here
35%
1997Open your Eyes
31%
1997Keys to Ascension 2
28%
2015Heaven and Earth
28%

Score Distribution

Percentile by Number Answered

Percent of People with Each Score

Your Score History

You have not taken this quiz since the last reset